| 000 | 00687nam a22002057a 4500 | ||
|---|---|---|---|
| 999 |
_c192407 _d192407 |
||
| 005 | 20221004145622.0 | ||
| 010 | _aENG-135153 | ||
| 020 |
_a9788131316399 _c600.00 |
||
| 035 | _aEN-118685 | ||
| 037 | _bDBAD/PUB | ||
| 082 | _a657.835 | ||
| 245 |
_aContemporary issues in public accountability and audit/ _cEdited by M.M. Mathur, Dharam Vir [and] T. Sethumadhavan |
||
| 260 |
_aNew Delhi _bAPH Publishing |
||
| 270 |
_a4435-36/7 Ansari road,Daryaganj _bNew Delhi _e110002 _k011-23274050 _maphbooks@gmail.com |
||
| 300 |
_axii,270p. _c21cm.(hb) |
||
| 700 | _aMathur, M.M. | ||
| 700 | _aVir, Dharam | ||
| 700 | _aT. Sethumadhavan | ||
| 942 |
_cEN _2ddc _h657.835 _mCON |
||